| 000 | 00675nam a22002417a 4500 | ||
|---|---|---|---|
| 001 | 000008871 | ||
| 005 | 20200929161429.0 | ||
| 008 | 910220s1986 sp 000 0 spa | ||
| 010 | _a91744943 | ||
| 020 | _a8423314545 | ||
| 040 |
_aDO-SdBNP _bspa _cDLC _dBNPHU |
||
| 082 |
_a863.64 _bF211f |
||
| 100 | 1 |
_aFaner, Pau. _d1949- _923425 |
|
| 245 | 1 | 0 |
_aFlor de sal / _cPau Faner. |
| 260 |
_aBarcelona : _bDestino, _c1986. |
||
| 300 |
_a172 p. ; _c22 cm. |
||
| 490 | 1 |
_aÁncora y delfin _v595 |
|
| 650 | 4 |
_aNovela española _91123 |
|
| 650 | 4 |
_aLiteratura española _9632 |
|
| 830 | 0 |
_aÁncora y delfin ; _v595 _921394 |
|
| 910 | _aCatalogación por copia / LC | ||
| 049 | _aBNGR | ||
| 999 |
_c8640 _d8640 |
||